Los negros y la esclavitud en Santo Domingo / (Registro nro. 14405)

Detalles MARC
000 -LEADER
fixed length control field 01711nam a2200409 a 4500
001 - CONTROL NUMBER
control field 000022583
003 - CONTROL NUMBER IDENTIFIER
control field DO-SdBNP
005 - DATE AND TIME OF LATEST TRANSACTION
control field 20230706103811.0
008 - FIXED-LENGTH DATA ELEMENTS--GENERAL INFORMATION
fixed length control field 101013s1998 dr 000 0 spa d
020 ## - INTERNATIONAL STANDARD BOOK NUMBER
International Standard Book Number 8489539871
040 ## - CATALOGING SOURCE
Original cataloging agency DO-SdBNP
Language of cataloging spa
Transcribing agency BPMSU
082 #4 - DEWEY DECIMAL CLASSIFICATION NUMBER
Classification number 306.362097293
Item number L333n, 1998
Edition number 22
100 1# - MAIN ENTRY--PERSONAL NAME
Personal name Larrazábal Blanco, Carlos,
Dates associated with a name 1894-1989
245 14 - TITLE STATEMENT
Title Los negros y la esclavitud en Santo Domingo /
Statement of responsibility, etc. Carlos Larrazábal Blanco ; prólogo Franklin Franco Pichardo.
250 ## - EDITION STATEMENT
Edition statement 2a ed.
260 ## - PUBLICATION, DISTRIBUTION, ETC. (IMPRINT)
Place of publication, distribution, etc. Santo Domingo :
Name of publisher, distributor, etc. Librería la Trinitaria,
Date of publication, distribution, etc. 1998.
300 ## - PHYSICAL DESCRIPTION
Extent 199 p. ;
Dimensions 25 cm.
504 ## - BIBLIOGRAPHY, ETC. NOTE
Bibliography, etc Bibliografía : p. 195-199
505 0# - FORMATTED CONTENTS NOTE
Formatted contents note Notación preliminar-- La introducción de esclavos y sus incidencias -- Procedencia, castas, denominaciones, culturas-- Los negros a través de las ordenanzas locales y de las cédulas reales-- La Iglesia -- Alzamientos y rebeliones -- Los negros fugitivos de accidente -- Tres siglos de vinculación negra.
590 ## - LOCAL NOTE (RLIN)
Local note Inventariado, 2023/VM
650 #4 - SUBJECT ADDED ENTRY--TOPICAL TERM
Topical term or geographic name as entry element Esclavitud en República Dominicana
General subdivision Historia
650 #4 - SUBJECT ADDED ENTRY--TOPICAL TERM
Topical term or geographic name as entry element Esclavitud e iglesia
General subdivision Historia
650 #4 - SUBJECT ADDED ENTRY--TOPICAL TERM
Topical term or geographic name as entry element Trata de esclavos
650 #4 - SUBJECT ADDED ENTRY--TOPICAL TERM
Topical term or geographic name as entry element Negros
General subdivision Vida social y costumbres
650 #4 - SUBJECT ADDED ENTRY--TOPICAL TERM
Topical term or geographic name as entry element Negros
Geographic subdivision República Dominicana
General subdivision Historia
650 #4 - SUBJECT ADDED ENTRY--TOPICAL TERM
Topical term or geographic name as entry element Abolición de la esclavitud
651 #4 - SUBJECT ADDED ENTRY--GEOGRAPHIC NAME
Geographic name República Dominicana
General subdivision Historia
700 1# - ADDED ENTRY--PERSONAL NAME
Personal name Franco, Franklin J.
Dates associated with a name 1936-
Relator term pról.
700 z# - ADDED ENTRY--PERSONAL NAME
Personal name Franco Pichardo, Franklin J.
700 z# - ADDED ENTRY--PERSONAL NAME
Personal name Pichardo, Franklin J. Franco
700 z# - ADDED ENTRY--PERSONAL NAME
Personal name Franco, Franklin
700 z# - ADDED ENTRY--PERSONAL NAME
Personal name Franco, Franklyn
700 z# - ADDED ENTRY--PERSONAL NAME
Personal name Franco, Franklyn J.
700 z# - ADDED ENTRY--PERSONAL NAME
Personal name Franco P., Franklin
Fuller form of name (Franco Pichardo)
910 ## - USER-OPTION DATA (OCLC)
User-option data VMateo V. Control de calidad (BPMSU)
942 ## - ADDED ENTRY ELEMENTS (KOHA)
Source of classification or shelving scheme Dewey Decimal Classification
Koha item type Libros
Existencias
Withdrawn status Lost status Source of classification or shelving scheme Damaged status Not for loan Collection code Home library Current library Date acquired Source of acquisition Full call number Barcode Date last seen Price effective from Koha item type
    Dewey Decimal Classification     Colección Dominicana Biblioteca Pública Metropolitana Salomé Ureña Biblioteca Pública Metropolitana Salomé Ureña 07/06/2023 Reyes Duluc BPMSU CD 306.362097293 L333n 1998 BPMSU23070014 07/06/2023 07/06/2023 Libros